书目信息 |
| 题名: |
摄影镜头的性能与选择
|
|
| 作者: | 沙占祥 著 | |
| 分册: | ||
| 出版信息: | 北京 中国摄影出版社 1989.06 |
|
| 页数: | 344页 | |
| 开本: | 18cm | |
| 丛书名: | ||
| 单 册: | ||
| 中图分类: | TB851 | |
| 科图分类: | ||
| 主题词: | 摄影--机具 , 摄影--设备 | |
| 电子资源: | ||
| ISBN: | 7-80007-037-9 | |
| 000 | 00585nam0 2200205 45 | |
| 001 | 0405210893 | |
| 005 | 20040521081611.0 | |
| 010 | @a7-80007-037-9@dCNY4.80 | |
| 100 | @a20040521d1989 km y0chiy0120 ea | |
| 101 | 0 | @achi |
| 105 | @a z 000yy | |
| 200 | 1 | @a摄影镜头的性能与选择@AShe Ying Jing Tou De Xing Neng Yu Xuan Ze@f沙占祥著@FSha Zhan Xiang Zhu |
| 210 | @a北京@c中国摄影出版社@d1989.06 | |
| 215 | @a344页@d18cm | |
| 606 | 0 | @a摄影@x机具 |
| 606 | 0 | @a摄影@x设备 |
| 690 | @aTB851@v3 | |
| 701 | 0 | @a沙占祥@4著 |
| 801 | @aCN@bPftUser@c20040521 | |
| 905 | @f1@b258399@dTB851@e34 | |
| 摄影镜头的性能与选择/沙占祥著.-北京:中国摄影出版社,1989.06 |
| 344页;18cm |
| ISBN 7-80007-037-9:CNY4.80 |
| ● |
| 相关链接 |
|
|
|
|
正题名:摄影镜头的性能与选择
索取号:TB851/34
 
预约/预借
| 序号 | 登录号 | 条形码 | 馆藏地/架位号 | 状态 | 备注 |
| 1 | 0258398 | 001361163 | 第二样本阅览室/ [索取号:TB851/34] | 在馆 | |
| 2 | 0258399 | 001361207 | 第三借阅区/ [索取号:TB851/34] | 在馆 |